000 00830nam a22002777a 4500
003 CHAP
005 20220817041905.0
008 971013s1867 r 00010 d
010 _a27903
011 _a28875
035 _a32986
040 _cCHAP
082 _a585.2
_bK57
100 0 0 _aKirwan, C. de.
_963374
245 _aLes coniferes indigénes et exotiques. Traité pratique des arbres verts ou résineux
260 _aParis :
_bRothschild,
_c1867-
300 _av.
_b: ilus.
590 _aBATCH-UPD
_b10
_c20130110
_lUCH01
_h1800
590 _aBATCH-UPD
_b10
_c20130410
_lUCH01
_h1136
590 _aBATCH-UPD
_b10
_c20130914
_lUCH01
_h1034
590 _aCONVERSION
_b10
_c20130109
_lUCH01
_h1316
650 1 4 _aConíferas.
901 _aBK
942 _cLIBRO
949 _a585.2 K57
_bBC
_cLIBRO
_d-76740
_eLIBRO
_h9936
_i32986
_si
999 _c27903
_d27903